|
|
|
|
| LEADER |
00000nab#a22000007a#4500 |
| 001 |
arbauad029989 |
| 003 |
AR-BaUAD |
| 005 |
20250711112423.0 |
| 008 |
980213|||||||||###||||||b###|0###a|spa|| |
| 040 |
|
|
|a AR-BaUAD
|c AR-BaUAD
|b spa
|
| 100 |
|
|
|a Fabiani, Cecilia
|
| 245 |
|
|
|a La logica del contractIl senso del progettoProdotti certificatiMain contractor per l'arredo /
|c Cecilia Fabiani; Pierluigi Cerri; Alberto Gortani; Stefano Ronchetti;
|
| 300 |
0 |
|
|b fot.
|
| 653 |
|
|
|a ITALIA
|
| 653 |
|
|
|a TEORIA
|
| 653 |
|
|
|a METODOLOGIA
|
| 653 |
|
|
|a DISEÑO DE INTERIORES
|
| 700 |
1 |
|
|a Cerri, Pierluigi
|
| 700 |
1 |
|
|a Gortani, Alberto
|
| 700 |
1 |
|
|a Ronchetti, Stefano
|
| 773 |
0 |
|
|t INTERNI
|g no. 446 [dic. 1994], p. 77-88
|
| 942 |
|
|
|c ARTI
|
| 952 |
|
|
|0 0
|1 0
|4 0
|7 0
|9 74908
|a AR-BAuAD
|b AR-BAuAD
|d 2025-07-11
|l 0
|p AAQA029989
|r 2025-07-11 11:24:23
|w 2025-07-11
|y ARTI
|
| 990 |
|
|
|a AQ199
|b TD
|
| 990 |
|
|
|a DI199
|b TD
|
| 998 |
|
|
|a AAQ
|b BIBUN76
|
| 999 |
|
|
|c 54581
|d 54581
|